<?xml version="1.0" encoding="UTF-8"?>
<record
    xmlns:xsi="http://www.w3.org/2001/XMLSchema-instance"
    xsi:schemaLocation="http://www.loc.gov/MARC21/slim http://www.loc.gov/standards/marcxml/schema/MARC21slim.xsd"
    xmlns="http://www.loc.gov/MARC21/slim">

  <leader>01291nam a22002177a 4500</leader>
  <controlfield tag="003">OSt</controlfield>
  <controlfield tag="005">20250624122830.0</controlfield>
  <controlfield tag="008">230830s2000    ag ||||| |||| 00| f spa d</controlfield>
  <datafield tag="020" ind1=" " ind2=" ">
    <subfield code="a">9500420880</subfield>
  </datafield>
  <datafield tag="040" ind1=" " ind2=" ">
    <subfield code="b">spa</subfield>
    <subfield code="c">besoc</subfield>
  </datafield>
  <datafield tag="100" ind1="1" ind2=" ">
    <subfield code="a">Elton, Ben, </subfield>
    <subfield code="d">1959-.</subfield>
    <subfield code="e">autor</subfield>
  </datafield>
  <datafield tag="245" ind1="1" ind2="0">
    <subfield code="a">Un nuevo Ed&#xE9;n /</subfield>
    <subfield code="c">Ben Elton ; traducci&#xF3;n de Edith Zilli</subfield>
  </datafield>
  <datafield tag="250" ind1=" " ind2=" ">
    <subfield code="a">11a ed.</subfield>
  </datafield>
  <datafield tag="260" ind1=" " ind2=" ">
    <subfield code="a">Buenos Aires :</subfield>
    <subfield code="b">Booket,</subfield>
    <subfield code="c">2016</subfield>
  </datafield>
  <datafield tag="300" ind1=" " ind2=" ">
    <subfield code="a">214 p.</subfield>
  </datafield>
  <datafield tag="490" ind1="0" ind2=" ">
    <subfield code="a">Biblioteca Paulo Coelho</subfield>
  </datafield>
  <datafield tag="520" ind1=" " ind2=" ">
    <subfield code="a">Tras once a&#xF1;os, una mujer se reencuentra con su amado. La &#xFA;ltima vez que se vieron eran todav&#xED;a adolescentes. Hoy, la vida los ha llevado por caminos muy distintos: ella vive en Zaragoza, prepara oposiciones y ha aprendido a dominar sus sentimientos. &#xC9;l ha viajado por todo el mundo, posee el don de la curaci&#xF3;n y ha encontrado en la religi&#xF3;n un refugio para huir de sus conflictos interiores. Pero en el reencuentro, a ambos los unir&#xE1; un &#xFA;nico deseo: el de cumplir sus sue&#xF1;os.
A orillas del r&#xED;o Piedra me sent&#xE9; y llor&#xE9; es una novela sobre el amor y la esencia de la vida, porque las historias de amor encierran en s&#xED; todos los secretos del mundo. [Nota del editor]</subfield>
  </datafield>
  <datafield tag="650" ind1=" " ind2="4">
    <subfield code="a">Literatura brasile&#xF1;a</subfield>
    <subfield code="v">Novelas psicol&#xF3;gicas</subfield>
    <subfield code="x">Siglo XX</subfield>
  </datafield>
  <datafield tag="700" ind1="1" ind2=" ">
    <subfield code="a">Indecona, Alfonso </subfield>
    <subfield code="e">traductor</subfield>
  </datafield>
  <datafield tag="942" ind1=" " ind2=" ">
    <subfield code="2">udc</subfield>
    <subfield code="c">OG</subfield>
    <subfield code="n">0</subfield>
  </datafield>
  <datafield tag="999" ind1=" " ind2=" ">
    <subfield code="c">53</subfield>
    <subfield code="d">53</subfield>
  </datafield>
  <datafield tag="952" ind1=" " ind2=" ">
    <subfield code="0">0</subfield>
    <subfield code="1">0</subfield>
    <subfield code="2">udc</subfield>
    <subfield code="4">0</subfield>
    <subfield code="7">0</subfield>
    <subfield code="8">CG</subfield>
    <subfield code="a">ESOCIALES</subfield>
    <subfield code="b">ESOCIALES</subfield>
    <subfield code="d">2023-08-31</subfield>
    <subfield code="l">0</subfield>
    <subfield code="o">82-313.2(410) EL51</subfield>
    <subfield code="p">000833</subfield>
    <subfield code="r">2023-08-31 00:00:00</subfield>
    <subfield code="w">2023-08-31</subfield>
    <subfield code="y">OG</subfield>
  </datafield>
</record>
